000 00541nam a2200217Ia 4500
003 OSt
005 20220924135018.0
006 a|||||r|||| 00| 0
007 ta
008 220923b |||||||| |||| 00| 0 ben d
024 _a288310
037 _cTextual
040 _aARTS
_cARTS
_bben
041 _2ben
_aben
082 _aDelta73.2, 157M6.1-.3
100 _aJawahar
_9209691
245 0 _aBhratersuphi
260 _c1986
942 _hDelta73.2, 157M6.1-.3
_cTEXL
_2CC
999 _c439485
_d439485